Les plus grandes villes des Caraïbes - Statistiques

Statistiques générales
  • Ce quiz a été pris 188 fois
  • Le résultat moyen est 5 sur 10
Statistiques - réponses
Population (2015) Pays Agglomérations % Correct
2 117 000 Cuba La Havane
97%
1 190 000 Jamaïque Kingston
93%
2 618 000 Haïti Port-au-Prince
90%
3 658 000 République Dominicaine Saint-Domingue
86%
546 000 Trinité-et-Tobago Port d'Espagne
58%
2 196 000 Etats-Unis San Juan
48%
1 049 000 Cuba Santiago de Cuba
27%
511 000 Haïti Carrefour
11%
891 000 République Dominicaine Santiago de los Caballeros
9%
395 000 Haïti Delmas
1%
Aucun quiz correspondant
Distribution des résultats
% des personnes avec chaque résultat
Percentile par nombre de réponses
Votre historique - résultats
Vous n’avez pas pris ce quiz